Four tragedies / (Record no. 523547)

000 -LEADER
fixed length control field 01518cam a2200373 a 4500
001 - CONTROL NUMBER
control field 1626751
003 - CONTROL NUMBER IDENTIFIER
control field NUST
005 - DATE AND TIME OF LATEST TRANSACTION
control field 20190425052825.0
008 - FIXED-LENGTH DATA ELEMENTS--GENERAL INFORMATION
fixed length control field 950823s1994 enk b 000 0 eng
010 ## - LIBRARY OF CONGRESS CONTROL NUMBER
LC control number 95195014
020 ## - INTERNATIONAL STANDARD BOOK NUMBER
International Standard Book Number 0140434585
038 ## - RECORD CONTENT LICENSOR
Staff Name Arshad
040 ## - CATALOGING SOURCE
Original cataloging agency DLC
Transcribing agency DLC
Modifying agency DLC
050 00 - LIBRARY OF CONGRESS CALL NUMBER
Classification number PR2763
Item number 1994b
082 ## - DEWEY DECIMAL CLASSIFICATION NUMBER
Classification number 822.33
Author Mark SHA
100 1# - MAIN ENTRY--PERSONAL NAME
Personal name Shakespeare, William,
Dates associated with a name 1564-1616.
9 (RLIN) 3310
240 10 - UNIFORM TITLE
Uniform title Plays.
Form subheading Selections
245 10 - TITLE STATEMENT
Title Four tragedies /
Statement of responsibility, etc. William Shakespeare.
260 ## - PUBLICATION, DISTRIBUTION, ETC.
Place of publication, distribution, etc. London ;
-- New York :
Name of publisher, distributor, etc. Penguin Books,
Date of publication, distribution, etc. 1994.
300 ## - PHYSICAL DESCRIPTION
Extent 951 p. ;
Dimensions 18 cm.
440 #0 - SERIES STATEMENT/ADDED ENTRY--TITLE
Title Penguin classics
9 (RLIN) 11658
504 ## - BIBLIOGRAPHY, ETC. NOTE
Bibliography, etc. note Includes bibliographical references.
505 0# - FORMATTED CONTENTS NOTE
Formatted contents note Hamlet -- Othello -- King Lear -- Macbeth.
600 00 - SUBJECT ADDED ENTRY--PERSONAL NAME
Personal name Hamlet
Titles and other words associated with a name (Legendary character)
Form subdivision Drama.
9 (RLIN) 14164
600 00 - SUBJECT ADDED ENTRY--PERSONAL NAME
Personal name Othello
Titles and other words associated with a name (Fictitious character from Shakespeare)
Form subdivision Drama.
9 (RLIN) 14165
600 00 - SUBJECT ADDED ENTRY--PERSONAL NAME
Personal name Lear,
Titles and other words associated with a name King of England (Legendary character)
Form subdivision Drama.
9 (RLIN) 14166
600 00 - SUBJECT ADDED ENTRY--PERSONAL NAME
Personal name Macbeth,
Titles and other words associated with a name King of Scotland,
Dates associated with a name active 11th century
Form subdivision Drama.
9 (RLIN) 14167
655 #7 - INDEX TERM--GENRE/FORM
Genre/form data or focus term Tragedies.
Source of term gsafd
9 (RLIN) 5046
856 42 - ELECTRONIC LOCATION AND ACCESS
Materials specified Publisher description
Uniform Resource Identifier <a href="http://www.loc.gov/catdir/enhancements/fy1207/95195014-d.html">http://www.loc.gov/catdir/enhancements/fy1207/95195014-d.html</a>
856 42 - ELECTRONIC LOCATION AND ACCESS
Materials specified Contributor biographical information
Uniform Resource Identifier <a href="https://www.loc.gov/catdir/enhancements/fy1612/95195014-b.html">https://www.loc.gov/catdir/enhancements/fy1612/95195014-b.html</a>
906 ## - LOCAL DATA ELEMENT F, LDF (RLIN)
a 7
b cbc
c orignew
d 3
e ncip
f 19
g y-gencatlg
942 ## - ADDED ENTRY ELEMENTS (KOHA)
Source of classification or shelving scheme
Koha item type Book
Holdings
Withdrawn status Lost status Source of classification or shelving scheme Damaged status Not for loan Permanent Location Current Location Shelving location Date acquired Total Checkouts Total Renewals Full call number Barcode Date last seen Copy number Price effective from Koha item type
          Central Library (CL) Central Library (CL) Fiction 04/25/2019   3 822.33SHA CL1230 06/05/2024 1 04/25/2019 Book
© 2023 Central Library, National University of Sciences and Technology. All Rights Reserved.